Loreena McKennitt Discography - Statistics

General Stats
  • This quiz has been taken 8 times
  • The average score is 8 of 22
Answer Stats
Type Year Name % Correct
Album 1997 The Book of Secrets
86%
Album 1991 The Visit
86%
Album 2006 An Ancient Muse
71%
Album 1985 Elemental
57%
Album 1989 Parallel Dreams
57%
Album 1987 To Drive the Cold Winter Away
57%
EP 1995 A Winter Garden: Five Songs for the Season
43%
Album 1994 The Mask and Mirror
43%
Album 2010 The Wind That Shakes the Barley
43%
Album 2008 A Midwinter Night's Dream
29%
Live Album 1999 Live in Paris and Toronto
29%
Live Album 2007 Nights from the Alhambra
29%
Concert Film 2007 Nights from the Alhambra
29%
Video Album 1997 The Mummers' Dance
29%
Live Compilation 2009 A Mediterranean Odyssey
14%
Tour Documentary 2008 A Moveable Musical Feast
14%
Compilation 2009 A Mummers' Dance Through Ireland
14%
Live EP 1995 Live in San Francisco at the Palace of Fine Arts
14%
Video Album ???? The Bonny Swans
14%
Box Set 2008 The Journey Begins
14%
Compilation 2013 The Journey So Far - The Best of Loreena McKennitt
14%
Live Album 2012 Troubadours On the Rhine
14%
No matching quizzes found
Score Distribution
Percent of People with Each Score
Percentile by Number Answered
Your Score History
You have not taken this quiz